[Event "BL 0607 SC Remagen - Hamburger SK"]
[Site "Germania"]
[Date "2007.03.18"]
[Round "13.4"]
[White "Popovic, Petar"]
[Black "Hansen, Sune Berg"]
[Result "1/2-1/2"]
[WhiteElo "2483"]
[BlackElo "2561"]
[PlyCount "35"]
[EventDate "2006.10.28"]
[Source "www.chesslib.no"]
[SourceDate "2004.05.04"]

1. e4 e5 2. Nf3 Nc6 3. Nc3 Nf6 4. Bb5 Bd6 5. O-O O-O 6. Re1 Re8 7. Bc4 h6 8. a3 a6 9. Nd5 Bc5 10. c3 d6 11. h3 Ba7 12. d3 Nxd5 13. Bxd5 Ne7 14. Bc4 Ng6 15. d4 Qf6 16. Bf1 Be6 17. Be3 Red8 18. g3 1/2-1/2

[Event "Parsvnath ch-Commonwealth"]
[Site "New Delhi IND"]
[Date "2007.12.09"]
[Round "9"]
[White "Jones, G."]
[Black "Ramesh, R."]
[Result "0-1"]
[WhiteElo "2567"]
[BlackElo "2473"]
[PlyCount "134"]
[EventDate "2007.12.03"]
[Source "www.chesslib.no"]
[SourceDate "2004.05.04"]

1. e4 e5 2. Nf3 Nf6 3. Nc3 Nc6 4. Bb5 Nd4 5. O-O c6 6. Bc4 b5 7. Bb3 Nxb3 8. axb3 d6 9. d4 Qc7 10. b4 Be7 11. Bg5 O-O 12. d5 Bb7 13. dxc6 Bxc6 14. Qd3 Rfc8 15. Rfd1 Ne8 16. Bxe7 Qxe7 17. Nd2 Nf6 18. Nf1 Rd8 19. Ne3 Qc7 20. Ra5 a6 21. Rda1 Bb7 22. Ncd5 Nxd5 23. exd5 g6 24. g4 Rf8 25. Rf1 Rae8 26. Ra3 Qe7 27. f4 exf4 28. Rxf4 Qg5 29. Qd4 Re5 30. Kf2 Qh4+ 31. Kg2 Rfe8 32. Rd3 Qe7 33. Kf2 Bc8 34. b3 Qh4+ 35. Kg2 h5 36. h3 hxg4 37. hxg4 Qg5 38. Rc3 Bb7 39. Kf2 Qh4+ 40. Kg2 Rxd5 41. Nxd5 Bxd5+ 42. Qxd5 Re2+ 43. Kg1 Re1+ 44. Rf1 Qxg4+ 45. Qg2 Qd4+ 46. Kh2 Qxc3 47. Rxe1 Qxe1 48. Qa8+ Kg7 49. Qxa6 Qd2+ 50. Kg3 Qc3+ 51. Kf4 Qxb4+ 52. Kf3 Qc3+ 53. Kf4 Qe5+ 54. Kf3 b4 55. Qb7 Qc3+ 56. Kf4 Qd4+ 57. Kf3 g5 58. Qa8 Qc3+ 59. Kg4 Qxc2 60. Kxg5 Qxb3 61. Qg2 Qe6 62. Kf4+ Qg6 63. Qb7 Qf6+ 64. Kg4 b3 65. Kh3 b2 66. Qg2+ Kh8 67. Qa8+ Kh7 0-1

[Event "Bad Wiessee"]
[Site "Bad Wiessee"]
[Date "2003.??.??"]
[Round "?"]
[White "Galdunts, S."]
[Black "Golod, V."]
[Result "1/2-1/2"]
[WhiteElo "2496"]
[BlackElo "2544"]
[PlyCount "50"]
[EventDate "2003.??.??"]
[Source "Chess Informant"]
[SourceDate "2003.10.01"]

1. e4 e5 2. Nf3 Nf6 3. Nc3 Nc6 4. Bb5 Nd4 5. Ba4 Nxf3+ 6. Qxf3 c6 7. O-O d6 8. Re1 Bd7 9. Bb3 g6 10. d4 Bg7 11. dxe5 dxe5 12. Bg5 h6 13. Bh4 Qe7 14. Nd1 Rd8 15. Ne3 Be6 16. h3 O-O 17. Rad1 Bxb3 18. axb3 Qe6 19. Nc4 b5 20. Na5 c5 21. Nb7 Rxd1 22. Rxd1 Qc6 23. Nd6 Rd8 24. Bxf6 Rxd6 25. Bxg7 Rxd1+ 1/2-1/2

[Event "XXV Open del Liechtenstein"]
[Site "Triesen LIE"]
[Date "2007.05.17"]
[Round "7"]
[White "Szabo, Kr1"]
[Black "Kritz, L."]
[Result "1-0"]
[WhiteElo "2438"]
[BlackElo "2593"]
[PlyCount "71"]
[EventDate "2007.05.11"]
[Source "www.chesslib.no"]
[SourceDate "2004.05.04"]

1. e4 e5 2. Nf3 Nc6 3. Nc3 Nf6 4. Bb5 Bd6 5. O-O O-O 6. a3 Re8 7. d3 h6 8. h3 a6 9. Ba4 Bf8 10. Nd5 d6 11. c4 Bd7 12. Be3 Nxd5 13. cxd5 Ne7 14. Rc1 f5 15. Bxd7 Qxd7 16. Qb3 b5 17. Rc3 Rab8 18. Rfc1 Rb7 19. Nxe5 dxe5 20. Rxc7 Rxc7 21. Rxc7 Qd6 22. Bc5 Qf6 23. d6+ Kh7 24. dxe7 Bxe7 25. Bxe7 Rxe7 26. Rxe7 Qxe7 27. exf5 Qg5 28. Qb4 Kh8 29. g4 Qd8 30. Qe4 Qd6 31. b4 a5 32. bxa5 Qxa3 33. Qa8+ Kh7 34. f6 gxf6 35. Qb7+ Kg6 36. a6 1-0

[Event "RUS-Cup2"]
[Site "Moscow"]
[Date "1996.??.??"]
[Round "8"]
[White "Zagrebelny, Sergey"]
[Black "Aleksandrov, Aleksej"]
[Result "1/2-1/2"]
[WhiteElo "2480"]
[BlackElo "2550"]
[PlyCount "80"]
[EventDate "1996.11.28"]
[Source "www.chesslib.no"]
[SourceDate "2004.05.04"]

1. e4 e5 2. Nf3 Nc6 3. Bb5 Nf6 4. Nc3 Nd4 5. Nxd4 exd4 6. e5 dxc3 7. exf6 Qxf6 8. dxc3 Qe5+ 9. Qe2 Qxe2+ 10. Bxe2 d5 11. Bf4 c6 12. O-O-O Bc5 13. f3 Be6 14. Rhe1 O-O-O 15. Bd3 Rde8 16. Be5 f6 17. Bd4 Bxd4 18. cxd4 Bf7 19. b4 Bg6 20. Kd2 Kc7 21. a4 a6 22. a5 Bxd3 23. Kxd3 Kd6 24. c4 dxc4+ 25. Kxc4 h5 26. h4 g5 27. g3 Rxe1 28. Rxe1 gxh4 29. gxh4 Rg8 30. f4 Rg2 31. Re8 Rc2+ 32. Kd3 Rh2 33. f5 Rxh4 34. Rd8+ Kc7 35. Rf8 Rh1 36. Rxf6 h4 37. Rh6 h3 38. Kc2 h2 39. Kb2 Kd7 40. Ka2 Ke7 1/2-1/2

[Event "Malaga op"]
[Site "Malaga"]
[Date "1999.02.06"]
[Round "4"]
[White "Mellado Trivino, Juan"]
[Black "Korneev, Oleg"]
[Result "1/2-1/2"]
[WhiteElo "2447"]
[BlackElo "2583"]
[PlyCount "118"]
[EventDate "1999.02.03"]
[Source "ChessBase"]
[SourceDate "1999.03.01"]

1. e4 e5 2. Nf3 Nc6 3. Nc3 Nf6 4. Bb5 Bd6 5. d4 exd4 6. Nxd4 Nxd4 7. Qxd4 Qe7 8. O-O c6 9. Be2 O-O 10. Qd3 Re8 11. Bg5 h6 12. Bh4 Be5 13. Bf3 d6 14. Rad1 Be6 15. Bg3 Rad8 16. Ne2 Bxg3 17. Nxg3 d5 18. e5 Nd7 19. Rfe1 Qg5 20. Qe3 a6 21. c3 g6 22. Qd4 h5 23. h4 Qh6 24. b4 Bg4 25. Bxg4 hxg4 26. e6 fxe6 27. Qxg4 Nf6 28. Qd4 Kf7 29. Rd3 e5 30. Rxe5 Rxe5 31. Qxe5 Qxh4 32. Rd4 Qh8 33. Qg5 Re8 34. Rh4 Re1+ 35. Kh2 Qg7 36. c4 Re5 37. Qd2 g5 38. Rd4 Qh7+ 39. Kg1 Qb1+ 40. Kh2 Qh7+ 41. Kg1 Qb1+ 42. Kh2 dxc4 43. Rxc4 Rd5 44. Qe2 Qd3 45. Qxd3 Rxd3 46. a4 Ke6 47. f3 Re3 48. Kh3 Re1 49. a5 Rb1 50. Ne4 Nxe4 51. Rxe4+ Kf5 52. Rc4 Rb2 53. Re4 Rb1 54. Rc4 Rh1+ 55. Kg3 Rb1 56. Kh3 Rh1+ 57. Kg3 Rb1 58. Kh3 Rh1+ 59. Kg3 Rb1 1/2-1/2

[Event "Halkida op"]
[Site "?"]
[Date "1997.??.??"]
[Round "?"]
[White "Georgiev Krum"]
[Black "Conquest Stuart"]
[Result "1-0"]
[WhiteElo "2490"]
[BlackElo "2540"]
[PlyCount "77"]
[EventDate "1997.??.??"]
[Source "www.chesslib.no"]
[SourceDate "2004.05.04"]

1. e4 Nf6 2. Nc3 e5 3. Nf3 Nc6 4. Bb5 Nd4 5. Ba4 c6 6. O-O d6 7. Nxd4 exd4 8. Ne2 Qb6 9. d3 Be7 10. c3 dxc3 11. Nxc3 O-O 12. d4 d5 13. e5 Ne4 14. Bc2 f5 15. Ne2 Bd7 16. Be3 Rac8 17. Bb3 Kh8 18. Rc1 a5 19. Nf4 Rcd8 20. h4 Rg8 21. g3 Bc8 22. Kg2 a4 23. Bxa4 Qxb2 24. Bb3 g6 25. Rh1 Bf8 26. Nd3 Qa3 27. f3 c5 28. fxe4 c4 29. exd5 b5 30. Bc2 Bb7 31. Kf2 cxd3 32. Bb3 Bxd5 33. Qxd3 Rg7 34. Rhd1 Rgd7 35. Bg5 Ra8 36. Qxb5 Bxb3 37. Qxd7 Qxa2+ 38. Rd2 Qa3 39. Rc7 1-0

[Event "Calcutta"]
[Site "?"]
[Date "1988.??.??"]
[Round "?"]
[White "Psakhis, L."]
[Black "Barua, D."]
[Result "1-0"]
[WhiteElo "2550"]
[BlackElo "2480"]
[PlyCount "57"]
[EventDate "1988.??.??"]
[Source "ChessBase"]
[SourceDate "1988.01.01"]

1. e4 e5 2. Nf3 Nf6 3. Nc3 Nc6 4. Bb5 Bc5 5. Bxc6 dxc6 6. d3 O-O 7. h3 Re8 8. Ne2 Bf8 9. g4 h5 10. Bg5 Qd6 11. Ng3 hxg4 12. hxg4 Nxg4 13. Qe2 a5 14. Nh4 g6 15. f3 Nf6 16. O-O-O Bg7 17. Rdg1 Kf8 18. Qd2 Ng8 19. Ne2 Qb4 20. c3 Qa4 21. Kb1 Be6 22. Nc1 Red8 23. Bxd8 Rxd8 24. Nxg6+ fxg6 25. Rxg6 Bf6 26. Rhh6 Ke7 27. Rh7+ Bf7 28. Qh2 Qb5 29. Qh5 1-0

[Event "Bundesliga 9798"]
[Site "Germany"]
[Date "1998.??.??"]
[Round "?.1"]
[White "Keitlinghaus, Ludger"]
[Black "Kupreichik, Viktor D"]
[Result "1/2-1/2"]
[WhiteElo "2525"]
[BlackElo "2500"]
[PlyCount "29"]
[EventDate "1997.10.??"]
[Source "ChessBase"]
[SourceDate "1999.07.01"]

1. e4 e5 2. Nc3 Nf6 3. Nf3 Nc6 4. Bb5 Nd4 5. Nxd4 exd4 6. e5 dxc3 7. exf6 Qxf6 8. dxc3 c6 9. Bd3 d5 10. O-O Bc5 11. Qh5 g6 12. Qh6 Bf8 13. Bg5 Bxh6 14. Bxf6 O-O 15. c4 1/2-1/2

[Event "Welsh International"]
[Site "Newport"]
[Date "2004.01.09"]
[Round "3"]
[White "Gormally, Daniel"]
[Black "Hebden, Mark"]
[Result "1/2-1/2"]
[WhiteElo "2471"]
[BlackElo "2549"]
[PlyCount "67"]
[EventDate "2004.01.07"]
[Source "Roberto Alvarez"]
[SourceDate "2004.01.19"]

1. e4 e5 2. Nc3 Nf6 3. Nf3 Nc6 4. Bb5 Nd4 5. Ba4 c6 6. Nxe5 d5 7. d3 Bd6 8. Nf3 Nxf3+ 9. gxf3 O-O 10. Bb3 Nh5 11. exd5 Re8+ 12. Be3 cxd5 13. Nxd5 Be6 14. Nc3 Qa5 15. Bxe6 Rxe6 16. Kf1 Qe5 17. Ne4 Be7 18. h3 Qb5 19. Rg1 Re8 20. c4 Qd7 21. f4 Rg6 22. Rxg6 hxg6 23. Kg2 b6 24. d4 Qc6 25. Qf3 Qxc4 26. f5 gxf5 27. Qxf5 Nf6 28. Nxf6+ Bxf6 29. b3 Qe2 30. Rc1 Qxa2 31. Rc8 Rxc8 32. Qxc8+ Kh7 33. Qf5+ Kg8 34. Qc8+ 1/2-1/2

[Event "Neum (Bosnia & Herzegovina)"]
[Site "?"]
[Date "2000.??.??"]
[Round "4"]
[White "Acs Peter"]
[Black "Pavasovic Dusko"]
[Result "1-0"]
[WhiteElo "2497"]
[BlackElo "2523"]
[PlyCount "101"]
[EventDate "2000.??.??"]
[Source "www.chesslib.no"]
[SourceDate "2004.05.04"]

1. e4 e5 2. Nf3 Nf6 3. Nc3 Nc6 4. Bb5 Nd4 5. Ba4 c6 6. Nxe5 d6 7. Nf3 Bg4 8. d3 d5 9. O-O dxe4 10. Nxe4 Nxe4 11. Re1 f5 12. c3 Nxf3+ 13. gxf3 Bh5 14. dxe4 Qxd1 15. Bxd1 O-O-O 16. e5 g5 17. Kg2 f4 18. Bc2 Bg6 19. Bxg6 hxg6 20. e6 Be7 21. b3 Rd3 22. c4 Re8 23. Bb2 Bb4 24. Re4 Rd2 25. Bf6 Bc5 26. Rf1 Rxa2 27. Bxg5 Rb2 28. Bxf4 Rxb3 29. Rd1 Rd8 30. Ree1 Be7 31. Rxd8+ Kxd8 32. h4 Rd3 33. Rb1 b6 34. Bb8 Bxh4 35. Bxa7 Ke7 36. Rxb6 Rd6 37. c5 Rxe6 38. Bb8 Kf6 39. Bd6 Re2 40. Rxc6 Kf5 41. Bg3 Bxg3 42. Kxg3 Rc2 43. Rc8 Kf6 44. f4 Rc3+ 45. Kg4 Ke6 46. Kg5 Kd7 47. Ra8 Rxc5+ 48. Kxg6 Rc6+ 49. Kg7 Rc5 50. Ra4 Rd5 51. Re4 1-0

[Event "Torneo GM"]
[Site "Vienna AUT"]
[Date "2008.08.22"]
[Round "7"]
[White "Sulskis, S."]
[Black "Neubauer, M."]
[Result "1-0"]
[WhiteElo "2562"]
[BlackElo "2457"]
[PlyCount "105"]
[EventDate "2008.08.16"]
[Source "www.chesslib.no"]
[SourceDate "2004.05.04"]

1. e4 e5 2. Nf3 Nc6 3. Bb5 Nf6 4. Nc3 Nd4 5. Ba4 Bc5 6. Nxe5 O-O 7. Nd3 Bb6 8. e5 Ne8 9. Nd5 d6 10. Ne3 c5 11. c3 Nf5 12. O-O Nxe3 13. dxe3 c4 14. Nb4 dxe5 15. Qh5 Bc7 16. Rd1 Nf6 17. Rxd8 Nxh5 18. Rxf8+ Kxf8 19. Nd5 Bd6 20. Bb5 Be6 21. Bxc4 Nf6 22. Nxf6 Bxc4 23. Nxh7+ Ke7 24. Ng5 Rd8 25. Bd2 Ba3 26. Nf3 Be2 27. Be1 Bxb2 28. Rb1 Rd1 29. Rxb2 Bxf3 30. gxf3 Rxe1+ 31. Kg2 b6 32. Rb4 Rc1 33. Rc4 Kd6 34. f4 exf4 35. Rxf4 Rxc3 36. Rxf7 Ra3 37. Rxg7 Rxa2 38. h4 a5 39. h5 Rc2 40. h6 Rc8 41. f4 a4 42. h7 Rh8 43. Kf3 b5 44. Ke4 Kc5 45. f5 a3 46. f6 a2 47. Ra7 Rxh7 48. Rxa2 b4 49. Kf5 Rh5+ 50. Ke6 Rh3 51. e4 Re3 52. f7 Rxe4+ 53. Kf5 1-0

[Event "3rd Open"]
[Site "Kolkata IND"]
[Date "2008.03.31"]
[Round "8"]
[White "Saptarshi, R."]
[Black "Koneru, H."]
[Result "0-1"]
[WhiteElo "2404"]
[BlackElo "2612"]
[PlyCount "102"]
[EventDate "2008.03.24"]
[Source "www.chesslib.no"]
[SourceDate "2004.05.04"]

1. e4 e5 2. Nf3 Nc6 3. Nc3 Nf6 4. Bb5 Bd6 5. O-O O-O 6. a3 h6 7. d3 a6 8. Bc4 Bc5 9. Be3 d6 10. h3 Re8 11. b4 Ba7 12. Bxa7 Rxa7 13. d4 Ra8 14. dxe5 Nxe5 15. Nxe5 dxe5 16. Qxd8 Rxd8 17. Rad1 Be6 18. Bxe6 fxe6 19. f3 Kf7 20. Rxd8 Rxd8 21. Rd1 Rd4 22. Rxd4 exd4 23. Na4 b6 24. Kf2 g5 25. Nb2 e5 26. Nc4 Ke6 27. g3 Nd7 28. Ke2 h5 29. Nd2 Nf8 30. h4 gxh4 31. gxh4 Ng6 32. Nf1 c5 33. bxc5 bxc5 34. Kd3 Nxh4 35. Ng3 Nxf3 36. Nxh5 Ne1+ 37. Kd2 Ng2 38. c4 Ne3 39. Kd3 Ng4 40. Ke2 Ne3 41. Kd3 Kf7 42. Ng3 Kf6 43. Ne2 Nd1 44. Kc2 Nf2 45. Nc1 Nxe4 46. Nb3 Kg5 47. Kd3 Kf4 48. a4 Kf3 49. a5 Nf2+ 50. Kc2 Ke2 51. Nxc5 d3+ 0-1

[Event "San Diego USA"]
[Site "?"]
[Date "2006.03.10"]
[Round "8"]
[White "Lugo Blas"]
[Black "Kaidanov Gregory S"]
[Result "0-1"]
[WhiteElo "2412"]
[BlackElo "2603"]
[PlyCount "94"]
[EventDate "2006.??.??"]
[Source "www.chesslib.no"]
[SourceDate "2004.05.04"]

1. e4 e5 2. Nf3 Nc6 3. Nc3 Nf6 4. Bb5 Bd6 5. d4 exd4 6. Nxd4 O-O 7. O-O Re8 8. Nf5 Be5 9. Nd5 Nxe4 10. Bd3 Nc5 11. f4 Bf6 12. Re1 Rf8 13. Re3 d6 14. Nxg7 Bxg7 15. Bxh7+ Kxh7 16. Qh5+ Kg8 17. f5 Bxf5 18. Qxf5 Qh4 19. Rg3 f6 20. Bf4 Rae8 21. Qg6 Rf7 22. Rf1 Nd4 23. Rg4 Ne2+ 24. Kh1 Nxf4 25. Rgxf4 Re1 26. Nxf6+ Qxf6 27. Qxf7+ Kxf7 28. Rxf6+ Bxf6 29. Rxe1 Bxb2 30. g4 Bf6 31. Kg2 Ne6 32. Kg3 Nd4 33. Rf1 Kg7 34. h4 c5 35. c4 Be5+ 36. Kh3 b5 37. cxb5 c4 38. g5 c3 39. Kg4 Nxb5 40. h5 c2 41. g6 Kh6 42. a4 Nc3 43. Rc1 Nd5 44. Kf5 Bb2 45. Rg1 c1=Q 46. Rxc1 Bxc1 47. Ke6 Nf4+ 0-1

[Event "Augsburg 9394"]
[Site "Augsburg GER"]
[Date "1994.??.??"]
[Round "?"]
[White "Kveinys, Aloyzas"]
[Black "Howell, James C"]
[Result "1/2-1/2"]
[WhiteElo "2520"]
[BlackElo "2495"]
[PlyCount "75"]
[EventDate "1993.12.??"]
[Source "www.chesslib.no"]
[SourceDate "2004.05.04"]

1. e4 e5 2. Nf3 Nf6 3. Nc3 Nc6 4. Bb5 Nd4 5. Ba4 Bc5 6. Nxe5 O-O 7. Nd3 Bb6 8. e5 Ne8 9. Nd5 d6 10. Ne3 c6 11. O-O Bc7 12. c3 Ne6 13. f4 dxe5 14. Nxe5 Nxf4 15. d4 Ng6 16. Nxg6 hxg6 17. Bb3 Qh4 18. g3 Qh3 19. Qc2 Be6 20. Qg2 Qxg2+ 21. Nxg2 Bxb3 22. axb3 Nf6 23. Bf4 Bxf4 24. Nxf4 Rfe8 25. Rfe1 Kf8 26. Kg2 Rxe1 27. Rxe1 Re8 28. Rxe8+ Kxe8 29. Kf3 g5 30. Nd3 Ke7 31. Nc5 b6 32. Nd3 Ke6 33. Ne5 c5 34. Nc6 cxd4 35. Nxa7 g4+ 36. Ke2 dxc3 37. bxc3 Nd7 38. Ke3 1/2-1/2

[Event "FRA-ch"]
[Site "Narbonne"]
[Date "1997.08.25"]
[Round "10"]
[White "Degraeve, Jean Marc"]
[Black "Marciano, David"]
[Result "1-0"]
[WhiteElo "2540"]
[BlackElo "2470"]
[PlyCount "77"]
[EventDate "1997.08.15"]
[Source "ChessBase"]
[SourceDate "1997.11.23"]

1. e4 e5 2. Nf3 Nf6 3. Nc3 Nc6 4. Bb5 Nd4 5. Ba4 Bc5 6. Nxe5 O-O 7. Nd3 Bb6 8. e5 Ne8 9. Nd5 d6 10. Ne3 c6 11. c3 Nf5 12. Bc2 Bc7 13. Qf3 g6 14. h4 dxe5 15. h5 Nf6 16. Nc5 Nxe3 17. dxe3 Nxh5 18. g4 e4 19. Nxe4 f5 20. gxh5 fxe4 21. Qxe4 Qf6 22. f4 Bf5 23. Qc4+ Kh8 24. Bxf5 Qxf5 25. Bd2 Qg4 26. Qe2 Qg3+ 27. Qf2 Bxf4 28. hxg6 Qxg6 29. O-O-O Bg3 30. Qg2 Rf2 31. Qh3 Rg8 32. Rdg1 Qd3 33. Rd1 Qf5 34. Qh5 Qxh5 35. Rxh5 Rgf8 36. c4 R2f5 37. Bc3+ Kg8 38. Rd7 Be5 39. Bxe5 1-0

[Event "Chigorin Mem A"]
[Site "St Petersburg RUS"]
[Date "2007.12.04"]
[Round "4"]
[White "Alavkin, A."]
[Black "Khairullin, I."]
[Result "1/2-1/2"]
[WhiteElo "2442"]
[BlackElo "2567"]
[PlyCount "44"]
[EventDate "2007.12.01"]
[Source "www.chesslib.no"]
[SourceDate "2004.05.04"]

1. e4 e5 2. Nf3 Nc6 3. Nc3 Nf6 4. Bb5 Bd6 5. d3 h6 6. h3 a6 7. Ba4 Bc5 8. Be3 Bxe3 9. fxe3 b5 10. Bb3 d6 11. O-O O-O 12. Nd5 Na5 13. Nxf6+ Qxf6 14. Qe1 Nxb3 15. axb3 Qe7 16. Nh4 c5 17. Rf3 Be6 18. Kh2 Qb7 19. Qf2 c4 20. Rg3 Kh8 21. Rf1 cxd3 22. cxd3 Qe7 1/2-1/2